00736cam a22002171 4500001001300000003000400013005001700017008004100034010001700075035001800092040001800110042001200128050001700140100002400157245017200181260005100353300002500404500003000429651004200459999001700501sa 68017136 DLC20260227112700.0720830s1967 xx 000 0 ind  asa 68017136  a(OCoLC)396008 aDLCcOAUdDLC apremarc00aHC447b.D4861 aDiah, B. M.,d1916-00aPidato sambutan Menteri Penerangan R. I. pada penutupan up-grading wartawan P. W. I. Djaya, Seksi Ekonomi. bDiselenggarakan pada tanggal 18 Nopember 1967 di Djakarta. aDjakarta,bDepartemen Penerangan R. I.c[1967] a11 p.bport.c21 cm. a"Penerbitan chusus, 468." 0aIndonesiaxEconomic conditionsy1945- c87537d87537